000 00332nam a22001457a 4500
082 _a894.812.3
_bBAL/M
100 _aBALAKRISHNAN, C V
245 _aMARUKARA
246 _aMARUKARA
_bMARUKARA
260 _aKOTTAYAM, KERALA, INDIA
_bMATHRUBHUMI
_c2023
300 _a119
520 _aNOVEL
650 _aMALAYALAM NOVEL
942 _cBK
999 _c8659
_d8659